Business lessons in development: sustainability and profit (Record no. 73129)

MARC details
000 -LEADER
fixed length control field 01095cam a2200217 4500
001 - CONTROL NUMBER
control field X123145
008 - FIXED-LENGTH DATA ELEMENTS--GENERAL INFORMATION
fixed length control field 030730n2003 000 0 eng u
035 ## - SYSTEM CONTROL NUMBER
System control number (Sirsi) u123145
100 ## - MAIN ENTRY--PERSONAL NAME
Personal name Beckwith, N.
245 ## - TITLE STATEMENT
Title Business lessons in development: sustainability and profit
260 ## - PUBLICATION, DISTRIBUTION, ETC.
Date of publication, distribution, etc. 2003
490 ## - SERIES STATEMENT
Series statement OECD Observer
Volume/sequential designation (238) July 2003, 28-30(3)
520 ## - SUMMARY, ETC.
Summary, etc. Socially Responsible investment (SRI) is becoming a buzzword among private equity funds; more investment is being made into small and medium-sized enterprises. Examines the issue of reconciling commercial and developmental objectives in investment and the ethical considerations required to do this. Private equity funds in developing countries need to understand and illustrate the synergies between the development and commercial dimensions of investment and the way in which the former reinforce the latter.
650 ## - SUBJECT ADDED ENTRY--TOPICAL TERM
Topical term or geographic name entry element SOCIALLY RESPONSIBLE INVESTMENT
650 ## - SUBJECT ADDED ENTRY--TOPICAL TERM
Topical term or geographic name entry element SMES
650 ## - SUBJECT ADDED ENTRY--TOPICAL TERM
Topical term or geographic name entry element PRIVATE EQUITY
650 ## - SUBJECT ADDED ENTRY--TOPICAL TERM
Topical term or geographic name entry element SUSTAINABLE DEVELOPMENT
650 ## - SUBJECT ADDED ENTRY--TOPICAL TERM
Topical term or geographic name entry element CORPORATE RESPONSIBILITY
690 ## - LOCAL SUBJECT ADDED ENTRY--TOPICAL TERM (OCLC, RLIN)
Topical term or geographic name as entry element INVESTMENT
942 ## - ADDED ENTRY ELEMENTS (KOHA)
Suppress in OPAC 0
Holdings
Withdrawn status Lost status Source of classification or shelving scheme Damaged status Not for loan Home library Current library Shelving location Date acquired Total Checkouts Full call number Barcode Date last seen Copy number Price effective from Koha item type
    Dewey Decimal Classification     London London Journal article 30/07/2003   X123145 123145-1001 06/08/2019 1 06/08/2019 Journal article